Imogen Heap Discography - Statistics

General Stats
  • This quiz has been taken 7 times
  • The average score is 3 of 8
Answer Stats
Type Year Name % Correct
Album 2005 Speak for Yourself
100%
Album 2014 Sparks
86%
Album 2009 Ellipse
71%
Album 1998 iMegaphone
71%
Live EP 2009 iTunes Festival: London '07- Imogen Heap: An Evening with I Megaphone
14%
Live EP 2010 Live Charity Improvisations: North American Tour 2010
0%
Live EP 2006 Live Session EP (iTunes Exclusive)
0%
Live EP 2010 MTV Live Sessions
0%
No matching quizzes found
Score Distribution
Percent of People with Each Score
Percentile by Number Answered
Your Score History
You have not taken this quiz